000
00318nam a22001337a 4500
008
180119b xxu||||| |||| 00| 0 eng d
020
_a
9780781744775
041
_a
eng
080
_a
610.73
100
_a
2
101
_a
INF
245
_a
Evidence-based practice in nursing& healthcare
_c
Melnyk,B.M
942
_2
udc
_c
BK
999
_c
40570
_d
40570